| 000 | 00573nam a2200217 a 4500 | ||
|---|---|---|---|
| 005 | 20260322212023.0 | ||
| 008 | data | ||
| 010 | _a91-092407 | ||
| 020 | _a0804108005 | ||
| 020 | _a9780804108003 | ||
| 096 | _aWZ 112.5 .N8 B814n 1992 | ||
| 100 | 1 | _aBrown, Michael, R.N. | |
| 245 | 1 | 0 |
_aNurses : _bthe human touch _cMichael Brown. |
| 250 | _a1st ed. | ||
| 260 |
_aNew York _bIvy Books _cc1992 |
||
| 300 |
_ax, 288 p. ; _c 18 cm. |
||
| 500 | _a"The real-life experiences of registered nurses"--Cover. | ||
| 650 | 0 | 2 | _aNurse-Patient Relations |
| 650 | 0 | 2 | _aNursing |
| 001 | data | ||
| 999 |
_c512 _d512 |
||